Dizionario della pornografia /
Uloženo v:
| Hlavní autor: | |
|---|---|
| Další autoři: | , |
| Médium: | Kniha |
| Jazyk: | italština |
| Vydáno: |
Torino :
CSE,
[2006!
|
| Témata: | |
| Tagy: |
Žádné tagy, Buďte první, kdo vytvoří štítek k tomuto záznamu!
|
MARC
| LEADER | 00000nam a22000007i 4500 | ||
|---|---|---|---|
| 001 | IT\ICCU\LO1\1096894 | ||
| 003 | ItRI | ||
| 005 | 20260115231924.0 | ||
| 008 | 061220s2006 it |||||| ||||| |||||c | ||
| 020 | |a 8876407472 | ||
| 020 | |a 9788876407475 | ||
| 040 | |b ita |c importazione bologna sebina | ||
| 041 | 7 | |a ita |2 ISO-639-2 | |
| 100 | 1 | |a Di Folco, Philippe |0 IT\ICCU\URBV\247802 |4 aut | |
| 240 | 1 | 0 | |a Dictionnaire de la pornographie. |3 IT\ICCU\LO1\1096895 |9 Di Folco, Philippe |
| 245 | 1 | 0 | |a Dizionario della pornografia / |c prefazione di Jean-Claude Carrière ; diretto da Philippe Di Folco ; edizione italiana coordinata da Roberto Marro. |
| 260 | |a Torino : |b CSE, |c [2006! | ||
| 300 | |a XXVI, 581 p. ; |c 25 cm. | ||
| 650 | 7 | |a Pornografia |x Dizionari |2 scbi | |
| 700 | 1 | |a Carrière, Jean-Claude |0 IT\ICCU\RAVV\078536 | |
| 700 | 1 | |a Marro, Roberto |0 IT\ICCU\TO0V\167850 | |
| 942 | |2 ddc |c BK |n 0 | ||
| 952 | |0 0 |1 0 |4 0 |6 DOC_363_470000000000000_DIF |7 0 |9 16609 |a BO |b BO |d 2026-01-15 |i 11176 |l 0 |o DOC 363.470 DIF |p BO11176 |r 2026-01-15 23:19:24 |w 2026-01-15 |x [Sebina 7] [1 v.] |y BK |z 1 v. | ||
| 999 | |c 14213 |d 14213 | ||